| 000 | 01309nam a22003017i 4500 | ||
|---|---|---|---|
| 003 | EG-ScBUE | ||
| 005 | 20221122034117.0 | ||
| 008 | 220731s2016 le f b 000 0dara d | ||
| 020 | _a9782745186140 | ||
| 020 | _a2745186140 | ||
| 040 |
_aEG-ScBUE _bara _erda _cEG-ScBUE _dEG-ScBUE |
||
| 082 | 0 | 4 |
_222 _a297.23 _bص ي ا |
| 100 | 1 |
_aصياد، أيمن السيد، _eمؤلف. |
|
| 245 | 1 | 2 |
_aالتصوير القرآني للجنة والنار / _cتأليف الأستاذ الدكتور أيمن السيد علي الصياد، أستاذ الأدب والنقد والبلاغة، رئيس قسم العلوم الإنسانية وتقنياتها (سابقا)، جامعة طيبة، المدينة المنورة. |
| 250 | _aالطبعة الأولى. | ||
| 264 | 1 |
_aبيروت : _bدار الكتب العلمية، _c2016. |
|
| 300 |
_a128 صفحة ؛ _c24 سم |
||
| 336 |
_2rdacontent _aنص _btxt |
||
| 337 |
_2rdamedia _aبدون وسيط _bn |
||
| 338 |
_2rdacarrier _aمجلد _bnc |
||
| 504 | _aيشتمل على إرجاعات ببليوجرافية. | ||
| 541 |
_cإهداء ؛ _aد. أيمن السيد. |
||
| 650 | 7 |
_aالقرآن، إعجاز. _2BUEsh |
|
| 650 | 7 |
_aالجنة و النار. _2BUEsh |
|
| 653 |
_bGGEN _cNovember2022 |
||
| 655 | _vReading book | ||
| 942 | _2ddc | ||
| 999 |
_c30007 _d29978 |
||